000 00594nam a22002417a 4500
003 UA-OsUOA
001 30075
007 ta
008 20041103b un ||||| |||| 00| 0 ukr d
100 _aПлахова М.Л.
090 _a910.4(267)
_bП37
942 _cBK
040 _aUA-OsUOA
_brus
_cUA-OsUOA
_dUA-OsUOA
245 _aК островам Индийского океана
300 _a415 с.
_bІлюстрації
955 _a0
041 _arus
080 _a910.4(267)
260 _aМосква
_bНаука
_c1988
044 _aRU
650 7 _2UDC
999 _c316482
_d316482